Métodos y Técnicas de la Enseñanza de la Historia y la Geografía en el Segundo Ciclo del Nivel Medio en el Liceo Público del Distrito Educativo 08-03 de Santiago 2008-2009 (Record no. 8)

MARC details
000 -LEADER
campo de control de longitud fija 01531nam a2200445Ia 4500
001 - NÚMERO DE CONTROL
campo de control 7
003 - IDENTIFICADOR DE NÚMERO DE CONTROL
campo de control OSt
005 - FECHA Y HORA DE LA ÚLTIMA TRANSACCIÓN
campo de control 20250314151615.0
008 - DATOS DE LONGITUD FIJA--INFORMACIÓN GENERAL
campo de control de longitud fija 241029s2010 dr b qm 000 0 spa d
010 ## - NÚMERO DE CONTROL DE LA BIBLIOTECA DEL CONGRESO
Número de control de LC 8
040 ## - FUENTE DE CATALOGACIÓN
Centro catalogador/agencia de origen CGIP0042
Lengua de catalogación spa
Centro/agencia transcriptor CGIP0042
041 ## - CÓDIGO DE IDIOMA
Código de lengua del texto/banda sonora o título independiente Español
082 ## - NÚMERO DE LA CLASIFICACIÓN DECIMAL DEWEY
Número de clasificación MCS021
245 #0 - MENCIÓN DEL TÍTULO
Título Métodos y Técnicas de la Enseñanza de la Historia y la Geografía en el Segundo Ciclo del Nivel Medio en el Liceo Público del Distrito Educativo 08-03 de Santiago 2008-2009
260 ## - PUBLICACIÓN, DISTRIBUCIÓN, ETC.
Lugar de publicación, distribución, etc. Santiago
300 ## - DESCRIPCIÓN FÍSICA
Extensión 122
520 ## - RESUMEN, ETC.
Sumario, etc. 5
520 ## - RESUMEN, ETC.
Sumario, etc. Este estudio tuvo el propósito de conocer los métodos y técnicas de la enseñanza empleados por los maestros en la enseñanza de la Historia y la Geografía en los Centros Educativos Públicos del Nivel Medio del Distrito Educativo 08-03 de Santiago.
630 ## - PUNTO DE ACCESO ADICIONAL DE MATERIA--TÍTULO UNIFORME
Título uniforme Calidad Educativa
630 ## - PUNTO DE ACCESO ADICIONAL DE MATERIA--TÍTULO UNIFORME
Título uniforme Estrategia Docente
630 ## - PUNTO DE ACCESO ADICIONAL DE MATERIA--TÍTULO UNIFORME
Título uniforme Metodología de Enseñanza
650 ## - PUNTO DE ACCESO ADICIONAL DE MATERIA--TÉRMINO DE MATERIA
Término de materia o nombre geográfico como elemento de entrada Ciencias Sociales
690 ## - PUNTO DE ACCESO ADICIONAL DE MATERIA LOCAL--TÉRMINO DE MATERIA (OCLC, RLIN)
Término de materia o nombre geográfico como elemento inicial Copiado sin cambios
700 ## - ENTRADA AGREGADA--NOMBRE PERSONAL
Término indicativo de función/relación asesor
Nombre de persona Paulino, Laura
700 ## - ENTRADA AGREGADA--NOMBRE PERSONAL
Término indicativo de función/relación autor
Nombre de persona Sosa, Finlandia
700 ## - ENTRADA AGREGADA--NOMBRE PERSONAL
Término indicativo de función/relación autor
Nombre de persona Rodriguez, Carinis
856 ## - LOCALIZACIÓN Y ACCESO ELECTRÓNICOS
Identificador Uniforme de Recurso <a href="https://inered.gob.do/fichanueva.php?id=7">https://inered.gob.do/fichanueva.php?id=7</a>
901 ## - ELEMENTOS DE DATOS A LOCAL LDA (RLIN)
a {"1":"Sosa","2":"Rodriguez"}
b {"1":"Finlandia ","2":"Carinis"}
902 ## - ELEMENTOS DE DATOS B LOCAL, LDB (RLIN)
a 1
903 ## - ELEMENTOS DE DATOS C LOCAL, LDC (RLIN)
a {"1":"Paulino"}
b {"1":"Laura"}
904 ## - ELEMENTOS DE DATOS D LOCAL, LDD (RLIN)
a Máster en
905 ## - ELEMENTOS DE DATOS E LOCAL, LDE (RLIN)
a Ciencias Sociales
906 ## - ELEMENTOS DE DATOS F LOCAL, LDF (RLIN)
a 1
907 ## - ELEMENTOS DE DATOS G LOCAL, LDG (RLIN)
a Orientada en
908 ## - COLOCAR PARÁMETRO DE COMANDO (RLIN)
Colocar parámetro de comando Ciencias Sociales
910 ## - DATOS DE OPCIÓN DEL USUARIO (OCLC)
Datos de opción del usuario NULL
911 ## - EQUIVALENCIA O REFERENCIA-CRUZADA-NOMBRE DE CONFERENCIA O REUNIÓN/CONGRESO [LOCAL, CANADÁ]
Nombre de congreso/reunión o jurisdicción como elemento de entrada ["1"]
942 ## - ELEMENTOS DE ENTRADA SECUNDARIOS (KOHA)
Tipo de ítem Koha
Fuente de la clasificación o esquema de estantería Clasificación Decimal Dewey
Suprimir en OPAC No

No items available.

© 2024. Todos los Derechos Reservados. Desarrollado por IDEICE